000 01611cad a22003255a 4500
001 L159563
008 100415u20170410xxk g 000 0 eng d
035 _a(Sirsi) u159563
041 0 _aeng
110 _aRoyal Institution of Chartered Surveyors
_94900
245 0 0 _aFlood risk mitigation and commercial property advice
_ban international comparison
_h[electronic resource]
260 _aLondon
_bRICS
_c2017
490 0 _aRICS Research
520 _aProvides a unique global perspective on the issues affecting the built environment professions and RICS professionals in providing professional advice on properties at risk of flooding. The research maps the impact of flooding and flood risk on commercial property value and identifies the barriers and opportunities for built environment and RICS professionals in this field. Key opportunities include providing advice on payback periods and cost-benefit analysis or return on investment on flood mitigation measures.
590 _aKA NTK
650 2 4 _aFLOOD PREVENTION
650 2 4 _aCOST-BENEFIT ANALYSIS
650 2 4 _aRETURN ON INVESTMENT
651 4 _aInternational
690 _aCommercial property
_96227
700 1 _aLamond, Jessica
700 1 _aBhattacharya, Namrata
700 1 _aChan, Faith
700 1 _aKreibich, Heidi
700 1 _aMontz, Burrell
700 1 _aProverbs, David
700 1 _aWilkinson, Sara J.
856 4 0 _uhttps://www.isurv.com/downloads/download/2162/flood_risk_mitigation_and_commercial_property_advice_an_international_comparison_rics
_zArchived on isurv (subscription required)
942 _n0
_2ddc
999 _c116003
_d116003